Análisis de circuitos en ingeniería

Gardado en:
Detalles Bibliográficos
Main Authors: Hayt, William Hart (Author), Kemmerly, Jack Ellsworth (Author)
Formato: Libro
Idioma:Lingua castelá
Publicado: Ciudad de México McGraw Hill 1993
Edición:3a. ed
Subjects:
Tags: Engadir etiqueta
Sen Etiquetas, Sexa o primeiro en etiquetar este rexistro!

MARC

LEADER 00000nam a2200000 a 4500
001 UCP9621
003 CL-VaPUC
008 000331e19930000MX |||||||||||||||||spa|d
082 0 4 |a 621.3192  |b HAY  |2 21 
100 |a Hayt, William Hart  |e author  |9 525122 
700 0 |a Kemmerly, Jack Ellsworth  |e author  |9 440286 
245 1 0 |a Análisis de circuitos en ingeniería 
250 |a 3a. ed 
300 |a 706 p 
942 |c BK 
945 |d 20000331 00:00:00  |a vberengu 
260 |a Ciudad de México  |b McGraw Hill  |c 1993 
650 0 |a Análisis de Fourier  |9 260464 
650 0 |a Circuitos  |9 263339 
650 0 |a Circuitos eléctricos   |9 260262 
650 0 |a Circuitos electrónicos  |9 260204 
650 0 |a Equipo eléctrico  |9 345678 
650 0 |a Redes eléctricas   |9 260139 
650 7 |a TRATAMIENTO Y DETECCION DE SEÑALES  |2 CL-VaPUC  |9 360217 
583 |a last modification  |c 20140623 04:54:39  |k Rodrigo Vera 
999 |c 286412  |d 286410 
952 |0 0  |1 0  |4 0  |6 621_319200000000000_HAY_1993  |7 0  |8 A  |9 332234  |a BIBING  |b BIBING  |d 2019-11-20  |i 361025K  |o 621.3192 HAY 1993  |p 361025K  |r 2025-01-20  |w 2019-11-20  |y BK  |k EIE 
952 |0 0  |1 0  |4 0  |6 621_319200000000000_HAY_1993  |7 0  |8 A  |9 332239  |a BIBING  |b BIBING  |d 2019-11-20  |i 3678067  |o 621.3192 HAY 1993  |p 3678067  |r 2025-01-20  |w 2019-11-20  |y BK  |k EIE